| Tag |
First Indicator |
Second Indicator |
Subfields |
| LEADER |
00000cam a2200000Ia 4500 |
| 001 |
in00001653513 |
| 005 |
20151023122327.0 |
| 008 |
020204s2001 njua b 101 0 eng c |
| 010 |
|
|
|a 2001086897
|
| 020 |
|
|
|a 0780370007 (IEEE)
|
| 020 |
|
|
|a 7900081577 (People's Posts & Telecommunications Publishing House)
|
| 035 |
|
|
|a (OCoLC)ocm48927888
|
| 040 |
|
|
|a ZCU
|c ZCU
|d TXA
|d UtOrBLW
|
| 049 |
|
|
|a TXAM
|
| 090 |
|
|
|a TK6573
|b .C54 2001
|
| 111 |
2 |
|
|a CIE International Conference of Radar
|n (4th :
|d 2001 :
|c Beijing, China)
|
| 245 |
1 |
0 |
|a 2001 CIE International Conference on Radar proceedings :
|b October 15-18, 2001, Beijing, China /
|c edited by Wu Shunjun ; sponsored by Chinese Institute of Electronics (CIE) ; co-sponsored by IEEE AESS (USA) [and others].
|
| 246 |
1 |
|
|i Title in logo on t.p.:
|a ICR 2001
|
| 264 |
|
1 |
|a [Piscataway, N.J.] :
|b Institute of Electrical and Electronics Engineers ;
|a [Beijing?] :
|b People's Posts & Telecommunications Publishing House,
|c [2001]
|
| 264 |
|
4 |
|c ©2001
|
| 300 |
|
|
|a 1194 pages, [vii] pages :
|b illustrations ;
|c 30 cm.
|
| 336 |
|
|
|a text
|b txt
|2 rdacontent
|
| 337 |
|
|
|a unmediated
|b n
|2 rdamedia
|
| 338 |
|
|
|a volume
|b nc
|2 rdacarrier
|
| 504 |
|
|
|a Includes bibliographical references and index.
|
| 500 |
|
|
|a "IEEE catalog number 01TH8559"--Title page verso.
|
| 650 |
|
0 |
|a Radar
|v Congresses.
|
| 700 |
1 |
|
|a Wu, Shunjun.
|
| 710 |
2 |
|
|a Zhongguo dian zi xue hui.
|
| 710 |
2 |
|
|a IEEE Aerospace and Electronic Systems Society.
|
| 948 |
|
|
|a cataloged
|b h
|c 2002/2/8
|d c
|e dmitchel
|f 12:32:16 pm
|
| 994 |
|
|
|a E0
|b TXA
|
| 999 |
|
|
|a MARS
|
| 999 |
f |
f |
|s 4abd2837-e884-3061-ba71-83af0c2cb9fc
|i bdfbb38d-8744-301b-95b2-1d3d2431be1c
|t 0
|
| 952 |
f |
f |
|p ric
|a Texas A&M University
|b Rellis Campus
|c Joint Library Facility
|d Remote Storage
|t 0
|e TK6573 .C54 2001
|h Library of Congress classification
|i unmediated -- volume
|m A14828433583
|
| 998 |
f |
f |
|a TK6573 .C54 2001
|t 0
|l Remote Storage
|